CHICAGO MANUAL OF STYLE THE ESSENTIAL GU (Record no. 14989)

MARC details
000 -LEADER
fixed length control field 00415nam a2200145Ia 4500
008 - FIXED-LENGTH DATA ELEMENTS--GENERAL INFORMATION
fixed length control field 240624s9999 xx 000 0 und d
041 ## - LANGUAGE CODE
Language code of text/sound track or separate title eng
082 ## - DEWEY DECIMAL CLASSIFICATION NUMBER
Classification number 808.027 PRE
100 ## - MAIN ENTRY--PERSONAL NAME
Personal name THE UNIVERSITY OF CHICAGO PRESS
245 ## - TITLE STATEMENT
Title CHICAGO MANUAL OF STYLE THE ESSENTIAL GU
250 ## - EDITION STATEMENT
Edition statement (15th ed.)
260 ## - PUBLICATION, DISTRIBUTION, ETC.
Date of publication, distribution, etc. 2003
Place of publication, distribution, etc. London
Name of publisher, distributor, etc. The University of Chicago Press
300 ## - PHYSICAL DESCRIPTION
Extent xvii, : 956 : p. : cm. ; 23
365 ## - TRADE PRICE
Currency code
Price amount 30
Holdings
Withdrawn status Lost status Damaged status Not for loan Home library Current library Shelving location Date acquired Source of acquisition Cost, normal purchase price Total Holds Full call number Barcode Date last seen Copy number Price effective from Koha item type
        IMTN IMTN Rack 38-A 04/09/2010 IBH 55.00 1721 808.027 PRE 14989 06/24/2024 48.9 06/24/2024 Books
Designed & Maintained by: LRC IMT Nagpur Contact: lrc@imtnag.ac.in© 2024. All Rights Reserved.